European Championship Group Stage Goalscorers 2000 - Statistics

General Stats
  • This quiz has been taken 2 times
  • The average score is 13 of 65
Answer Stats
Group Nation Score Player % Correct
D France 2-0 Thierry Henry
100%
D France 1-0 Thierry Henry
100%
A England 1-0 Alan Shearer
50%
A England 1-1 Alan Shearer
50%
B Italy 2-1 Alessandro Del Piero
50%
D France 2-1 David Trezeguet
50%
B Belgium 2-0 Eka Mpenza
50%
B Sweden 1-1 Henrik Larsson
50%
A Portugal 2-2 Joao Pinto
50%
A Portugal 2-1 Luis Figo
50%
A England 2-1 Michael Owen
50%
C Slovenia 2-0 Miran Pavlin
50%
A Portugal 3-2 Nuno Gomes
50%
A England 1-0 Paul Scholes
50%
C Spain 2-2 Pedro Munitis
50%
C Spain 1-0 Raul
50%
C FR Yugoslavia 3-1 Savo Milosevic
50%
C FR Yugoslavia 3-3 Savo Milosevic
50%
C FR Yugoslavia 1-0 Savo Milosevic
50%
C FR Yugoslavia 1-0 Savo Milosevic
50%
D France 3-0 Sylvain Wiltord
50%
C Slovenia 1-0 Zlatko Zahovic
50%
C Slovenia 3-0 Zlatko Zahovic
50%
C Slovenia 1-1 Zlatko Zahovic
50%
C Spain 1-1 Alfonso
0%
C Spain 4-3 Alfonso
0%
B Italy 1-0 Antonio Conte
0%
B Belgium 1-0 Bart Goor
0%
D Netherlands 3-0 Boudewijn Zenden
0%
D Netherlands 3-2 Boudewijn Zenden
0%
D France 1-0 Christophe Dugarry
0%
A Portugal 1-0 Costinha
0%
A Romania 1-0 Cristian Chivu
0%
C FR Yugoslavia 2-1 Dejan Govedarica
0%
A Romania 2-2 Dorinel Munteanu
0%
B Italy 2-1 Filippo Inzaghi
0%
B Italy 1-0 Francesco Totti
0%
D Netherlands 1-0 Frank de Boer
0%
D Netherlands 2-2 Frank de Boer
0%
C Spain 3-3 Gaizka Mendieta
0%
B Turkey 1-0 Hakan Sukur
0%
B Turkey 2-0 Hakan Sukur
0%
A Romania 3-2 Ioan Ganea
0%
C Spain 2-1 Joseba Etxeberria
0%
D Czech Republic 1-1 Karel Poborsky
0%
B Sweden 2-1 Karl Mjallby
0%
D France 1-0 Laurent Blanc
0%
C FR Yugoslavia 3-2 Ljubinko Drulovic
0%
B Italy 1-0 Luigi Di Baggio
0%
A Germany 1-1 Mehmet Scholl
0%
B Turkey 1-1 Okan Buruk
0%
D Netherlands 1-0 Patrick Kluivert
0%
D Netherlands 1-1 Patrick Kluivert
0%
D Netherlands 2-0 Ronald de Boer
0%
A Portugal 1-0 Sergio Conceicao
0%
A Portugal 2-0 Sergio Conceicao
0%
A Portugal 3-0 Sergio Conceicao
0%
C FR Yugoslavia 3-2 Slobodan Komljenovic
0%
B Italy 2-0 Stefano Fiore
0%
C Norway 1-0 Steffen Iversen
0%
A England 2-0 Steve McManaman
0%
A Romania 1-0 Viorel Moldovan
0%
D Czech Republic 1-0 Vladimir Smicer
0%
D Czech Republic 2-0 Vladimir Smicer
0%
D France 2-1 Youri Djorkaeff
0%
No matching quizzes found
Score Distribution
Percent of People with Each Score
Percentile by Number Answered
Your Score History
You have not taken this quiz